[Event "Chigorin Memorial 23rd"]
[Site "St Petersburg"]
[Date "2015.10.10"]
[Round "8"]
[White "Bratus, Petr P"]
[Black "Kokhnover, Ilya"]
[Result "1/2-1/2"]
[WhiteElo "2124"]
[BlackElo "1925"]
[PlyCount "82"]
[EventDate "2015.10.03"]
[EventType "swiss"]
[EventRounds "9"]
[EventCountry "RUS"]
[SourceTitle "CBM 168 Extra"]
[Source "ChessBase"]
[SourceDate "2015.10.29"]
[SourceVersion "1"]
[SourceVersionDate "2015.10.29"]
[SourceQuality "1"]

1. d4 Nf6 2. Nf3 e6 3. e3 b6 4. Bd3 Bb7 5. 0-0 Be7 6. Qe2 d5 7. c4 0-0 8. Nc3 Ne4 9. Qc2 Nxc3 10. bxc3 h6 11. e4 dxe4 12. Bxe4 Bxe4 13. Qxe4 Nd7 14. Bf4 Bd6 15. Rfe1 Nf6 16. Qe3 Bxf4 17. Qxf4 Qd6 18. Qe3 c5 19. h3 Rac8 20. Ne5 Nd7 21. Rad1 cxd4 22. cxd4 Nxe5 23. dxe5 Qc5 24. Rd4 Rfd8 25. Rxd8+ Rxd8 26. Qxc5 bxc5 27. Rb1 Rd4 28. Rb8+ Kh7 29. Rb7 Kg6 30. Rxa7 Rxc4 31. f3 Rc2 32. a4 c4 33. a5 c3 34. a6 Ra2 35. Rc7 c2 36. a7 Rxa7 37. Rxc2 Kf5 38. Rc5 h5 39. h4 Rd7 40. Kf2 Rd2+ 41. Kg3 Rd7 1/2-1/2

[Event "Chigorin Memorial 23rd"]
[Site "St Petersburg"]
[Date "2015.10.07"]
[Round "5"]
[White "Kokhnover, Ilya"]
[Black "Pankova, Julia"]
[Result "1/2-1/2"]
[WhiteElo "1925"]
[BlackElo "1703"]
[PlyCount "89"]
[EventDate "2015.10.03"]
[EventType "swiss"]
[EventRounds "9"]
[EventCountry "RUS"]
[SourceTitle "CBM 168 Extra"]
[Source "ChessBase"]
[SourceDate "2015.10.29"]
[SourceVersion "1"]
[SourceVersionDate "2015.10.29"]
[SourceQuality "1"]

1. e4 c5 2. Nf3 d6 3. Bb5+ Bd7 4. Bxd7+ Qxd7 5. 0-0 Nf6 6. e5 dxe5 7. Nxe5 Qd5 8. Re1 Nc6 9. Nc3 Qd8 10. Nxc6 bxc6 11. Qf3 Rc8 12. d3 e6 13. Ne4 Be7 14. Be3 Nxe4 15. dxe4 0-0 16. e5 Qa5 17. Red1 Qc7 18. Qe4 Rfd8 19. f4 Rd7 20. Rd3 Rxd3 21. cxd3 Rb8 22. b3 Rb4 23. Qf3 Qd7 24. Rd1 Qd5 25. Kf2 a5 26. Bd2 Rb5 27. Bc3 f5 28. exf6 Bxf6 29. Bxf6 gxf6 30. Qg4+ Kf7 31. Qh4 Kg7 32. Qg4+ Kf7 33. Qh3 Kg7 34. Re1 Rb4 35. Qxe6 Rxf4+ 36. Kg1 Qxd3 37. Qxc6 Qd4+ 38. Kh1 Qe5 39. Qd7+ Kg6 40. Qd2 Re4 41. Qd3 f5 42. Rf1 Re1 43. Qa6+ Kg5 44. Qd3 Rxf1+ 45. Qxf1 1/2-1/2

[Event "Chigorin Memorial 22nd"]
[Site "St Petersburg"]
[Date "2014.10.23"]
[Round "6"]
[White "Kokhnover, Ilya"]
[Black "Belova, Olga"]
[Result "0-1"]
[WhiteElo "1840"]
[BlackElo "2080"]
[PlyCount "104"]
[EventDate "2014.10.18"]
[EventType "swiss"]
[EventRounds "9"]
[EventCountry "RUS"]
[SourceTitle "EXT 2015"]
[Source "ChessBase"]
[SourceDate "2014.11.20"]
[SourceVersion "1"]
[SourceVersionDate "2014.11.20"]
[SourceQuality "1"]

1. e4 e5 2. Nf3 Nc6 3. Bb5 a6 4. Ba4 Nf6 5. 0-0 b5 6. Bb3 Bc5 7. c3 d6 8. d4 Bb6 9. a4 Rb8 10. Na3 0-0 11. axb5 axb5 12. Nxb5 Bg4 13. d5 Ne7 14. Bc2 Qe8 15. c4 Nxe4 16. Bxe4 f5 17. Bd3 e4 18. Be2 exf3 19. Bxf3 Ng6 20. h3 Bxf3 21. Qxf3 Ne5 22. Qc3 f4 23. Nd4 Bxd4 24. Qxd4 Rb4 25. b3 Rxb3 26. Bxf4 Rxh3 27. Bxe5 dxe5 28. Qg4 Rh6 29. g3 Rf4 30. gxf4 Rg6 31. f3 h5 32. Qg5 exf4 33. Qxg6 Qxg6+ 34. Kf2 Qc2+ 35. Kg1 Qxc4 36. Rac1 Qxd5 37. Rxc7 Qg5+ 38. Kh1 Qh4+ 39. Kg1 Qg3+ 40. Kh1 h4 41. Rc8+ Kh7 42. Rc2 h3 43. Rh2 Kh6 44. Rc2 Kh5 45. Rh2 g5 46. Rff2 g4 47. fxg4+ Qxg4 48. Rxh3+ Qxh3+ 49. Rh2 Kg4 50. Rxh3 Kxh3 51. Kg1 Kg3 52. Kh1 Kf2 0-1

[Event "Palanga Baltija op-A"]
[Site "Palanga"]
[Date "2014.06.20"]
[Round "8"]
[White "Gailiunaite, Saule"]
[Black "Kokhnover, Ilya"]
[Result "0-1"]
[WhiteElo "1669"]
[BlackElo "1803"]
[PlyCount "94"]
[EventDate "2014.06.16"]
[EventType "swiss"]
[EventRounds "9"]
[EventCountry "LTU"]
[SourceTitle "CBM 161 Extra"]
[Source "ChessBase"]
[SourceDate "2014.08.29"]
[SourceVersion "1"]
[SourceVersionDate "2014.08.29"]
[SourceQuality "1"]

1. d4 Nf6 2. c4 e6 3. Nc3 Bb4 4. Qc2 d5 5. cxd5 exd5 6. Bg5 h6 7. Bd2 0-0 8. e3 c5 9. dxc5 Bxc5 10. Nf3 Nc6 11. Be2 d4 12. exd4 Bxd4 13. 0-0 Be6 14. Rad1 Qe7 15. a3 Rfd8 16. b4 a6 17. Rfe1 Rac8 18. Bc4 Nxb4 19. axb4 Rxc4 20. Nxd4 Rcxd4 21. b5 Qc7 22. bxa6 bxa6 23. Qb2 Qd6 24. Nb1 Ne4 25. Re2 Bc4 26. Rxe4 Rxe4 27. Rc1 Rb8 28. Qc3 Qd3 29. Qa1 Rxb1 30. Qxb1 Qxd2 31. Rd1 Qe2 32. h3 Re8 33. f3 Bb5 34. Kh2 Qe5+ 35. Kh1 Qg5 36. Rd4 Rd8 37. Rg4 Qd2 38. Qe4 Qd1+ 39. Kh2 Qd6+ 40. Kh1 Re8 41. Qb1 Bd3 42. Qa1 g6 43. Rd4 Re1+ 44. Qxe1 Qxd4 45. Qe8+ Kg7 46. Qa8 Qa1+ 47. Kh2 a5 0-1

[Event "Palanga Baltija op-A"]
[Site "Palanga"]
[Date "2014.06.18"]
[Round "4"]
[White "Mihailovs, Arturs"]
[Black "Kokhnover, Ilya"]
[Result "1-0"]
[WhiteElo "1849"]
[BlackElo "1803"]
[PlyCount "159"]
[EventDate "2014.06.16"]
[EventType "swiss"]
[EventRounds "9"]
[EventCountry "LTU"]
[SourceTitle "CBM 161 Extra"]
[Source "ChessBase"]
[SourceDate "2014.08.29"]
[SourceVersion "1"]
[SourceVersionDate "2014.08.29"]
[SourceQuality "1"]

1. e4 c5 2. Nf3 e6 3. d4 cxd4 4. Nxd4 a6 5. Nc3 Qc7 6. g3 Bb4 7. Qd3 Nf6 8. Bg2 Nc6 9. Nxc6 bxc6 10. Bg5 Be7 11. f4 h6 12. Bh4 d5 13. 0-0 Qb6+ 14. Kh1 Ng8 15. Bxe7 Nxe7 16. f5 exf5 17. exd5 0-0 18. dxc6 Nxc6 19. Qd6 Bb7 20. Na4 Qb5 21. Nc3 Qb6 22. Nd5 Qd8 23. Qxd8 Raxd8 24. Rxf5 g6 25. Rf2 Kg7 26. c4 Ne5 27. b3 Ng4 28. Re2 Rd6 29. Rf1 Re6 30. Rfe1 Rfe8 31. Nf4 Bxg2+ 32. Kxg2 Rxe2+ 33. Rxe2 Rxe2+ 34. Nxe2 Kf6 35. h3 Ne5 36. Kf2 Ke6 37. Ke3 Kd6 38. Nf4 Nc6 39. Nd3 h5 40. Ke4 a5 41. c5+ Ke6 42. Nf4+ Kd7 43. a3 Ne7 44. g4 hxg4 45. hxg4 Kc6 46. Kd4 g5 47. Nd3 f6 48. b4 axb4 49. Nxb4+ Kd7 50. Ke4 f5+ 51. gxf5 g4 52. f6 Ng6 53. c6+ Kc7 54. f7 g3 55. Ke3 g2 56. Kf2 Kd6 57. Kxg2 Nf4+ 58. Kf3 Ne6 59. Kg4 Ke7 60. Nd5+ Kxf7 61. c7 Nxc7 62. Nxc7 Ke7 63. Kf4 Kd6 64. Nb5+ Kc5 65. Nc3 Kc4 66. a4 Kb4 67. Ke5 Kc5 68. Ke6 Kc6 69. Nd5 Kb7 70. Kd6 Ka6 71. Kc6 Ka5 72. Nc3 Ka6 73. Kc5 Ka5 74. Kc4 Kb6 75. Kb4 Ka6 76. Nd5 Kb7 77. Kb5 Ka7 78. a5 Kb7 79. a6+ Ka7 80. Nc7 1-0

[Event "Wiesbaden op 25th"]
[Site "Wiesbaden"]
[Date "2013.08.25"]
[Round "6"]
[White "Kokhnover, Ilya"]
[Black "Gentner, Markus"]
[Result "1/2-1/2"]
[WhiteElo "1803"]
[BlackElo "2017"]
[PlyCount "64"]
[EventDate "2013.08.22"]
[EventType "swiss"]
[EventRounds "7"]
[EventCountry "GER"]
[SourceTitle "CBM 156 Extra"]
[Source "ChessBase"]
[SourceDate "2013.10.22"]
[SourceVersion "1"]
[SourceVersionDate "2013.10.22"]
[SourceQuality "1"]

1. e4 c6 2. d4 d5 3. exd5 cxd5 4. c4 Nf6 5. Nc3 Nc6 6. Bg5 Ne4 7. Nxe4 dxe4 8. d5 Ne5 9. Qd4 f6 10. Bf4 Ng6 11. Qxe4 Nxf4 12. Qxf4 Qa5+ 13. Qd2 Qxd2+ 14. Kxd2 e6 15. dxe6 Bxe6 16. Kc2 Bc5 17. f3 Bf5+ 18. Bd3 Bxd3+ 19. Kxd3 0-0-0+ 20. Kc2 Rd4 21. Ne2 Rxc4+ 22. Kb3 Rb4+ 23. Kc3 Re8 24. Ng3 Re3+ 25. Kc2 Rc4+ 26. Kd2 Re5 27. Kd3 Rd4+ 28. Kc2 Red5 29. Rad1 Rxd1 30. Rxd1 Rxd1 31. Kxd1 Bd4 32. Nf5 Bxb2 1/2-1/2

[Event "St Petersburg Botvinnik Memorial op"]
[Site "St Petersburg"]
[Date "2012.09.02"]
[Round "9"]
[White "Bezulenko, Evgeny"]
[Black "Kokhnover, Ilya"]
[Result "1-0"]
[WhiteElo "1915"]
[BlackElo "1743"]
[PlyCount "83"]
[EventDate "2012.08.25"]
[EventType "swiss"]
[EventRounds "9"]
[EventCountry "RUS"]
[SourceTitle "CBM 150 Extra"]
[Source "ChessBase"]
[SourceDate "2012.10.19"]
[SourceVersion "1"]
[SourceVersionDate "2012.10.19"]
[SourceQuality "1"]

1. f4 c5 2. Nf3 g6 3. e3 Bg7 4. d4 Nf6 5. Nbd2 0-0 6. Be2 d5 7. Ne5 Nc6 8. c3 Qc7 9. 0-0 Nd7 10. Nxd7 Bxd7 11. dxc5 e5 12. Nb3 Be6 13. Bg4 f5 14. Bf3 e4 15. Be2 Bf7 16. Nd4 a5 17. a4 Qe7 18. b3 Rfd8 19. Ba3 Qd7 20. Bb5 Qc7 21. Kh1 h6 22. Ra2 Kh7 23. g4 fxg4 24. Qxg4 Rg8 25. h4 Rac8 26. Rg2 Nxd4 27. cxd4 h5 28. Qh3 Bh6 29. f5 gxf5 30. Qxf5+ Bg6 31. Qd7+ Qxd7 32. Bxd7 Rcd8 33. Be6 Rgf8 34. Rfg1 Rf6 35. Rxg6 Rxg6 36. Bf5 Rdg8 37. Rg3 Bf8 38. Kg2 Kh6 39. Rxg6+ Rxg6+ 40. Bxg6 Kxg6 41. c6 bxc6 42. Bxf8 1-0

[Event "St Petersburg Botvinnik Memorial op"]
[Site "St Petersburg"]
[Date "2012.08.30"]
[Round "6"]
[White "Fedoseeva, Valentina"]
[Black "Kokhnover, Ilya"]
[Result "1-0"]
[WhiteElo "1957"]
[BlackElo "1743"]
[PlyCount "111"]
[EventDate "2012.08.25"]
[EventType "swiss"]
[EventRounds "9"]
[EventCountry "RUS"]
[SourceTitle "CBM 150 Extra"]
[Source "ChessBase"]
[SourceDate "2012.10.19"]
[SourceVersion "1"]
[SourceVersionDate "2012.10.19"]
[SourceQuality "1"]

1. e4 c5 2. Nf3 e6 3. d3 Nc6 4. g3 a6 5. a4 d6 6. Bg2 Nf6 7. 0-0 Be7 8. Re1 Qc7 9. Nbd2 e5 10. Nc4 Be6 11. Ne3 0-0-0 12. Bd2 b6 13. c3 Kd7 14. Nd5 Qb7 15. Nxe7 Kxe7 16. Ng5 Bc8 17. Qc2 h6 18. Nf3 Rhe8 19. Rac1 Bd7 20. Nh4 Kf8 21. f4 Qa7 22. Rf1 Ng8 23. fxe5 g5 24. Nf5 Bxf5 25. Rxf5 dxe5 26. Rcf1 f6 27. h4 Kg7 28. hxg5 hxg5 29. Be3 Nce7 30. R5f2 Ng6 31. Bf3 Rd6 32. Rd2 Rc8 33. Qb3 c4 34. dxc4 Rxd2 35. Bxd2 Rxc4 36. Be3 Rc8 37. Qxb6 Qxb6 38. Bxb6 Rb8 39. a5 N6e7 40. b4 Rc8 41. Bc5 Nc6 42. Rd1 Nxa5 43. Bg4 Rc7 44. Rd3 Nb7 45. Bb6 Re7 46. Bc8 Nh6 47. c4 Nf7 48. c5 Kh6 49. Kg2 Kg7 50. Kf3 Kh6 51. g4 Kg7 52. Ke3 Kf8 53. c6 Nbd6 54. Bxa6 Re8 55. c7 Ke7 56. Bc5 1-0

[Event "St Petersburg Spring op"]
[Site "St Petersburg"]
[Date "2012.03.28"]
[Round "7"]
[White "Kolesnikova, Kristina"]
[Black "Kokhnover, Ilya"]
[Result "1-0"]
[WhiteElo "1927"]
[BlackElo "1773"]
[PlyCount "57"]
[EventDate "2012.03.22"]
[EventType "swiss"]
[EventRounds "9"]
[EventCountry "RUS"]
[SourceTitle "EXT 2013"]
[Source "ChessBase"]
[SourceDate "2012.11.22"]
[SourceVersion "1"]
[SourceVersionDate "2012.11.22"]
[SourceQuality "1"]

1. e4 c5 2. Nf3 e6 3. d4 cxd4 4. Nxd4 a6 5. Nc3 Qc7 6. f4 Bb4 7. Qf3 Nc6 8. Nb3 Nge7 9. Bd2 b5 10. a3 Bxc3 11. Bxc3 Rg8 12. Bd3 d6 13. e5 d5 14. Bxh7 Rh8 15. Bd3 Bb7 16. Qg3 g6 17. Qf2 0-0-0 18. Qc5 Rhg8 19. a4 b4 20. Bxb4 Nxb4 21. Qxb4 g5 22. Nc5 gxf4 23. Nxb7 Qxb7 24. Qxf4 Rxg2 25. 0-0-0 Nc6 26. Qf1 Nb4 27. Qxg2 Na2+ 28. Kb1 Nc3+ 29. Ka1 1-0

[Event "St Petersburg Spring op"]
[Site "St Petersburg"]
[Date "2012.03.24"]
[Round "3"]
[White "Gantsevich, Aleksei"]
[Black "Kokhnover, Ilya"]
[Result "1-0"]
[WhiteElo "2012"]
[BlackElo "1773"]
[PlyCount "116"]
[EventDate "2012.03.22"]
[EventType "swiss"]
[EventRounds "9"]
[EventCountry "RUS"]
[SourceTitle "EXT 2013"]
[Source "ChessBase"]
[SourceDate "2012.11.22"]
[SourceVersion "1"]
[SourceVersionDate "2012.11.22"]
[SourceQuality "1"]

1. e4 c5 2. Nf3 e6 3. d3 Nc6 4. g3 Qc7 5. Bg2 Nf6 6. 0-0 Be7 7. Nc3 a6 8. Re1 d6 9. Nh4 b5 10. f4 Bb7 11. f5 e5 12. Bg5 b4 13. Bxf6 Bxf6 14. Nd5 Qd8 15. Nf3 Nb8 16. Ne3 Nd7 17. a3 a5 18. c3 bxa3 19. Rxa3 Nb6 20. Qa1 a4 21. Bf1 0-0 22. c4 Bc6 23. Be2 g6 24. g4 h6 25. Kh1 Kh7 26. Rg1 g5 27. Qe1 Rg8 28. Rg3 Kg7 29. Rh3 Rh8 30. Rh5 Be7 31. h4 f6 32. hxg5 hxg5 33. Rxh8 Qxh8+ 34. Kg2 Kf7 35. Ra1 Qh7 36. Qh1 Qxh1+ 37. Kxh1 Bd8 38. Nd1 Ke7 39. Nc3 Kd7 40. Ne1 Ke7 41. Kg2 Kd7 42. Nc2 Ke7 43. Rh1 Kd7 44. Na3 Kc8 45. Rh7 Nd7 46. Bd1 Ra7 47. Nab5 Bxb5 48. Nxb5 Ra6 49. Rh8 Nb8 50. Kf3 Kd7 51. Rh7+ Kc8 52. Bxa4 Nd7 53. b3 Nf8 54. Rh8 Nd7 55. Re8 Nb6 56. Nxd6+ Kc7 57. Nb5+ Kd7 58. Re6 Ra8 1-0

[Event "Chigorin Memorial 19th"]
[Site "St Petersburg"]
[Date "2011.10.18"]
[Round "5"]
[White "Evsyukov, Aleksey"]
[Black "Kokhnover, Ilya"]
[Result "1-0"]
[WhiteElo "1902"]
[BlackElo "1821"]
[PlyCount "143"]
[EventDate "2011.10.14"]
[EventType "swiss"]
[EventRounds "9"]
[EventCountry "RUS"]
[SourceTitle "CBM 144 Extra"]
[Source "ChessBase"]
[SourceDate "2011.10.28"]
[SourceVersion "1"]
[SourceVersionDate "2011.10.28"]
[SourceQuality "1"]

1. e4 c5 2. Nf3 e6 3. d4 cxd4 4. Nxd4 a6 5. c4 Qc7 6. Nc3 Nc6 7. Be2 Nf6 8. a3 Be7 9. 0-0 0-0 10. Be3 d6 11. f4 Bd7 12. Nb3 Rab8 13. Qe1 Na5 14. Nd2 b5 15. cxb5 axb5 16. Rc1 Rfc8 17. b4 Nc4 18. Nxc4 bxc4 19. Qf2 d5 20. e5 Ne8 21. g4 Ra8 22. Nb1 Bc6 23. Bd4 Qd8 24. Rc3 Nc7 25. Rh3 Nb5 26. Bb6 Qf8 27. a4 Rxa4 28. f5 f6 29. Qh4 h6 30. fxe6 d4 31. exf6 Bxf6 32. g5 Bxg5 33. Rxf8+ Rxf8 34. e7 Bxh4 35. exf8Q+ Kxf8 36. Rxh4 Ra1 37. Rf4+ Ke8 38. Bh5+ Kd7 39. Rf1 c3 40. Bg6 Kd6 41. Bc5+ Ke5 42. Bf8 Ra2 43. Bxg7+ Kd6 44. Rf6+ Kc7 45. Rf2 Ra1 46. Be5+ Kd7 47. Bf5+ Ke7 48. Re2 Kf7 49. Kf2 Ra4 50. h4 Rxb4 51. h5 Bd5 52. Bg6+ Ke6 53. Bxd4+ Kd6 54. Be5+ Kc5 55. Nxc3 Nxc3 56. Bxc3 Rf4+ 57. Ke1 Rh4 58. Bf6 Rh1+ 59. Kd2 Bf3 60. Rf2 Rd1+ 61. Ke3 Bxh5 62. Bxh5 Rd5 63. Bf7 Rd7 64. Rf5+ Kb6 65. Bd4+ Kc7 66. Rc5+ Kb7 67. Bh5 Re7+ 68. Kd3 Rd7 69. Kc4 Rc7 70. Rxc7+ Kxc7 71. Bg7 Kd6 72. Bxh6 1-0

[Event "Chigorin Memorial 19th"]
[Site "St Petersburg"]
[Date "2011.10.14"]
[Round "1"]
[White "Kokhnover, Ilya"]
[Black "Tappyrov, Vladimir"]
[Result "0-1"]
[WhiteElo "1821"]
[BlackElo "2330"]
[PlyCount "54"]
[EventDate "2011.10.14"]
[EventType "swiss"]
[EventRounds "9"]
[EventCountry "RUS"]
[SourceTitle "CBM 144 Extra"]
[Source "ChessBase"]
[SourceDate "2011.10.28"]
[SourceVersion "1"]
[SourceVersionDate "2011.10.28"]
[SourceQuality "1"]

1. e4 d5 2. exd5 Qxd5 3. Nc3 Qa5 4. Nf3 Nf6 5. d4 c6 6. Bd2 Bf5 7. Ne4 Qc7 8. Ng3 Bg6 9. Bc4 Nbd7 10. 0-0 e6 11. Re1 Bd6 12. Ng5 0-0 13. Bxe6 fxe6 14. Nxe6 Qb6 15. Nxf8 Rxf8 16. Bc3 Nd5 17. Qg4 Bxg3 18. hxg3 N7f6 19. Qe6+ Kh8 20. Qe2 Ne4 21. f3 Nxg3 22. Qe5 Nh5 23. Rac1 h6 24. a3 Nhf4 25. g3 Nh5 26. Kg2 Qd8 27. Qe6 Nhf4+ 0-1